00328nam a2200145Ia 4500008004100000041000800041082001400049100001700063245002800080250000900108260002900117300000800146542001500154650001300169220531s9999 xx 000 0 und d aeng bBRA / AIT aAitken, Bill aBranch Line to Eternity a1 st aNew Delhibpengainc2001 a280 d23-02-2021 aGeneral